LIBRARY ONLINE CATALOGUE

Nursing care of the critically ill child / (Record no. 10222)

MARC details
000 -LEADER
fixed length control field 00720nam a22002292 4500
001 - CONTROL NUMBER
control field 0000024326
005 - DATE AND TIME OF LATEST TRANSACTION
control field 20151217152259.0
008 - FIXED-LENGTH DATA ELEMENTS--GENERAL INFORMATION
fixed length control field 130712s xx 000 0 eng d
020 ## - INTERNATIONAL STANDARD BOOK NUMBER
International Standard Book Number 0801653126 :
040 ## - CATALOGING SOURCE
Original cataloging agency KABU
Transcribing agency KABU
245 10 - TITLE STATEMENT
Title Nursing care of the critically ill child /
Statement of responsibility, etc. [editor] Mary Fran Hazinski.
250 ## - EDITION STATEMENT
Edition statement 2nd ed.
260 ## - PUBLICATION, DISTRIBUTION, ETC. (IMPRINT)
Place of publication, distribution, etc. St. Louis, MI :
Name of publisher, distributor, etc. Mosby,
Date of publication, distribution, etc. 1992.
300 ## - PHYSICAL DESCRIPTION
Extent xx, 1127 p.
650 #0 - SUBJECT ADDED ENTRY--TOPICAL TERM
Topical term or geographic name as entry element Pediatric intensive care.
-- 0000180525
650 #0 - SUBJECT ADDED ENTRY--TOPICAL TERM
Topical term or geographic name as entry element Pediatric nursing.
-- 0000179544
650 #0 - SUBJECT ADDED ENTRY--TOPICAL TERM
Topical term or geographic name as entry element Intensive care nursing.
-- 0000183651
700 1# - ADDED ENTRY--PERSONAL NAME
Personal name Hazinski, Mary Fran.
-- 0000132681
852 1# - LOCATION
-- p1000 KES
908 ## - PUT COMMAND PARAMETER (RLIN)
Put command parameter 130712
950 ## - LOCAL HOLDINGS (RLIN)
-- 1
Holdings
Withdrawn status Lost status Source of classification or shelving scheme Not for loan Home library Current library Date acquired Total Checkouts Full call number Barcode Date last seen Price effective from Koha item type
    Library of Congress Classification   Kabarak, Main Campus Kabarak, Main Campus 17/12/2015   RJ370 .N87 1992 c. 1 015872 17/12/2015 17/12/2015 General Collection